[Event "Bad Koenigshofen op (Women)"]
[Site "Bad Koenigshofen"]
[Date "2006.08.11"]
[Round "8.3"]
[White "Krege, Sandra"]
[Black "Vasilevich, Tatjana"]
[Result "1/2-1/2"]
[WhiteElo "2092"]
[BlackElo "2412"]
[PlyCount "92"]
[EventDate "2006.08.04"]
[EventType "swiss"]
[EventRounds "9"]
[EventCountry "GER"]
[SourceTitle "CBM 113 Extra"]
[Source "ChessBase"]
[SourceDate "2006.09.14"]
[SourceVersion "1"]
[SourceVersionDate "2006.09.14"]
[SourceQuality "1"]

1. e4 c5 2. Nf3 a6 3. c4 d6 4. d4 Bg4 5. Be2 Bxf3 6. Bxf3 Nc6 7. d5 Nd4 8. 0-0 g6 9. a4 Bg7 10. Nc3 Nf6 11. Ra3 0-0 12. Be3 Ne8 13. Be2 Rb8 14. Qd2 Nxe2+ 15. Qxe2 Nc7 16. Rb1 Qd7 17. b4 b5 18. axb5 axb5 19. Rab3 cxb4 20. Nxb5 Nxb5 21. cxb5 Bc3 22. Bd2 Bxd2 23. Qxd2 Rxb5 24. Rxb4 Rxb4 25. Rxb4 Ra8 26. Qb2 Qa7 27. h3 Qa1+ 28. Qxa1 Rxa1+ 29. Kh2 f6 30. Kg3 Kf7 31. Rb8 Ra3+ 32. f3 Ra2 33. Rh8 Kg7 34. Re8 Kf7 35. Rh8 h5 36. h4 Kg7 37. Re8 Kf7 38. Rh8 Rd2 39. Rh7+ Kf8 40. Rh8+ Kg7 41. Re8 Kf7 42. Rh8 f5 43. Rb8 fxe4 44. fxe4 Kf6 45. Re8 Kf7 46. Rd8 Kf6 1/2-1/2

[Event "Bad Koenigshofen op (Women)"]
[Site "Bad Koenigshofen"]
[Date "2006.08.07"]
[Round "4.6"]
[White "Krege, Sandra"]
[Black "Just, Anita"]
[Result "1/2-1/2"]
[WhiteElo "2092"]
[BlackElo "1917"]
[PlyCount "140"]
[EventDate "2006.08.04"]
[EventType "swiss"]
[EventRounds "9"]
[EventCountry "GER"]
[SourceTitle "CBM 113 Extra"]
[Source "ChessBase"]
[SourceDate "2006.09.14"]
[SourceVersion "1"]
[SourceVersionDate "2006.09.14"]
[SourceQuality "1"]

1. e4 e6 2. d4 d5 3. Nc3 Bb4 4. a3 Bxc3+ 5. bxc3 dxe4 6. Qg4 Nf6 7. Qxg7 Rg8 8. Qh6 c5 9. Ne2 Rg6 10. Qd2 Nbd7 11. Nf4 Rg8 12. Bb2 Qc7 13. 0-0-0 b6 14. d5 exd5 15. Nxd5 Nxd5 16. Qxd5 Bb7 17. Qf5 h6 18. h4 0-0-0 19. c4 Kb8 20. Be2 f6 21. Rhg1 Ka8 22. Rd2 Rge8 23. Rgd1 Bc8 24. Bxf6 Nxf6 25. Qxf6 Rxd2 26. Rxd2 Qe5 27. Qxe5 Rxe5 28. Rd5 Re8 29. Kd1 Kb8 30. g3 Kc7 31. Kd2 e3+ 32. fxe3 Rg8 33. Rh5 Rxg3 34. Rxh6 Rg2 35. Ke1 Rh2 36. h5 Bf5 37. Rf6 Bxc2 38. Rf7+ Kd6 39. Rxa7 Be4 40. Rg7 Rh1+ 41. Kd2 Rh2 42. Rf7 Ke6 43. Rf1 Ke5 44. Re1 Bf3 45. Kd3 Bxe2+ 46. Rxe2 Rxh5 47. Rg2 Kf5 48. Rg8 Rh7 49. Rf8+ Ke5 50. Re8+ Kd6 51. Rb8 Kc7 52. Rf8 Kc6 53. Ke4 Rh4+ 54. Rf4 Rh8 55. Rf6+ Kc7 56. Rf7+ Kc6 57. Kf5 Ra8 58. e4 Rxa3 59. e5 Rf3+ 60. Kg6 Rg3+ 61. Kf6 Rf3+ 62. Ke7 Re3 63. Rf6+ Kc7 64. e6 Rh3 65. Ke8 Rh8+ 66. Rf8 Rh2 67. Rf5 Rh8+ 68. Ke7 Rh2 69. Kf6 Rh6+ 70. Ke5 Rh1 1/2-1/2

[Event "GER-chT Federal Cup (Women)"]
[Site "Braunfels"]
[Date "2006.05.05"]
[Round "2"]
[White "Kickert, Germaine Helene"]
[Black "Krege, Sandra"]
[Result "0-1"]
[WhiteElo "1913"]
[BlackElo "2104"]
[PlyCount "77"]
[EventDate "2006.05.04"]
[EventType "team-swiss"]
[EventRounds "5"]
[EventCountry "GER"]
[SourceTitle "EXT 2010"]
[Source "ChessBase"]
[SourceDate "2010.11.25"]
[SourceVersion "1"]
[SourceVersionDate "2010.11.25"]
[SourceQuality "1"]

1. e4 c5 2. Nf3 Nc6 3. d4 cxd4 4. Nxd4 Nf6 5. Nc3 e6 6. Nxc6 bxc6 7. e5 Nd5 8. Ne4 Qc7 9. f4 Qb6 10. Qf3 Nb4 11. Qd1 a5 12. c3 Nd5 13. Bd3 Bb7 14. Qe2 Be7 15. Qf2 Ba6 16. Qxb6 Nxb6 17. Bxa6 Rxa6 18. 0-0 f5 19. Nd2 Bc5+ 20. Kh1 a4 21. b4 axb3 22. Nxb3 Ba3 23. Bxa3 Rxa3 24. Rab1 Ke7 25. Nd4 Ra6 26. Rb2 Rc8 27. Rff2 Na4 28. Rb3 Nc5 29. Rb1 Ra3 30. Rc2 Rca8 31. Ra1 Ne4 32. Ne2 R8a4 33. Kg1 g5 34. g3 h6 35. Kg2 Nc5 36. Nd4 Rc4 37. Ne2 gxf4 38. gxf4 Nd3 39. Kf3 0-1

[Event "GER-ch U18 Girls"]
[Site "Willingen"]
[Date "2005.05.19"]
[Round "7"]
[White "Krege, Sandra"]
[Black "Hoolt, Sarah"]
[Result "1/2-1/2"]
[WhiteElo "1988"]
[BlackElo "2050"]
[PlyCount "98"]
[EventDate "2005.05.14"]
[EventType "swiss"]
[EventRounds "9"]
[EventCountry "GER"]
[SourceTitle "CBM 106 Extra"]
[Source "ChessBase"]
[SourceDate "2005.07.01"]
[SourceVersion "1"]
[SourceVersionDate "2005.07.01"]
[SourceQuality "1"]

1. e4 e6 2. d4 d5 3. Nc3 Bb4 4. Nge2 dxe4 5. a3 Bxc3+ 6. Nxc3 b6 7. Nxe4 Bb7 8. Bd3 Ne7 9. c3 Nbc6 10. Qe2 Qd7 11. 0-0 0-0-0 12. Ba6 e5 13. dxe5 Nxe5 14. Bxb7+ Kxb7 15. Nc5+ bxc5 16. Qxe5 Qd6 17. Qe4+ Nc6 18. Be3 Rhe8 19. Qa4 Ne5 20. Qb5+ Qb6 21. Qxc5 Qxc5 22. Bxc5 Nd3 23. Bd4 f6 24. Rfd1 Nf4 25. Kf1 Rd7 26. g3 Ng6 27. Re1 Red8 28. Re2 Ne7 29. Rae1 Nc6 30. Be3 Ne5 31. Kg2 Nd3 32. Rb1 c5 33. b3 Kc6 34. c4 g5 35. b4 Rb8 36. b5+ Kb6 37. Bd2 Ne5 38. Bc3 Nxc4 39. Bxf6 Nxa3 40. Ra1 Nxb5 41. Bxg5 Rc8 42. f4 c4 43. f5 c3 44. Rc2 Rc4 45. Rf1 Nd6 46. h3 h5 47. Rf3 Ne4 48. Bc1 Rg7 49. Bf4 Kb5 1/2-1/2

[Event "GER-ch U18 Girls"]
[Site "Willingen"]
[Date "2005.05.17"]
[Round "5"]
[White "Krege, Sandra"]
[Black "Schulze, Dorothee"]
[Result "1/2-1/2"]
[WhiteElo "1988"]
[BlackElo "1955"]
[PlyCount "51"]
[EventDate "2005.05.14"]
[EventType "swiss"]
[EventRounds "9"]
[EventCountry "GER"]
[SourceTitle "CBM 106 Extra"]
[Source "ChessBase"]
[SourceDate "2005.07.01"]
[SourceVersion "1"]
[SourceVersionDate "2005.07.01"]
[SourceQuality "1"]

1. e4 c5 2. Nf3 d6 3. d4 cxd4 4. Nxd4 Nf6 5. Nc3 g6 6. Be3 Bg7 7. f3 0-0 8. Qd2 Nc6 9. 0-0-0 Nxd4 10. Bxd4 Be6 11. Kb1 Qc7 12. Nd5 Bxd5 13. exd5 Rfc8 14. Rc1 a5 15. g4 a4 16. a3 Ra5 17. c4 e5 18. dxe6 fxe6 19. Qe3 Qf7 20. Bd3 e5 21. Bc3 Rac5 22. Bb4 R5c6 23. Rcd1 e4 24. Bxe4 Nxe4 25. fxe4 Qxc4 26. Rc1 1/2-1/2

[Event "GER-ch U18 Girls"]
[Site "Willingen"]
[Date "2005.05.15"]
[Round "2"]
[White "Wirths, Clara"]
[Black "Krege, Sandra"]
[Result "0-1"]
[WhiteElo "1841"]
[BlackElo "1988"]
[PlyCount "94"]
[EventDate "2005.05.14"]
[EventType "swiss"]
[EventRounds "9"]
[EventCountry "GER"]
[SourceTitle "CBM 106 Extra"]
[Source "ChessBase"]
[SourceDate "2005.07.01"]
[SourceVersion "1"]
[SourceVersionDate "2005.07.01"]
[SourceQuality "1"]

1. e4 c5 2. Nf3 Nc6 3. d4 cxd4 4. Nxd4 Nf6 5. Nc3 e5 6. Ndb5 d6 7. Bg5 a6 8. Na3 b5 9. Bxf6 gxf6 10. Nd5 f5 11. Bxb5 axb5 12. Nxb5 Ra7 13. Nxa7 Nxa7 14. c3 Bg7 15. exf5 Bxf5 16. 0-0 0-0 17. Qa4 Nc8 18. Qb4 Qg5 19. f4 exf4 20. Qxf4 Qxf4 21. Nxf4 Nb6 22. Nh5 Be6 23. Nxg7 Kxg7 24. Rad1 Rc8 25. Rd4 Nc4 26. b3 Na3 27. Rc1 d5 28. Rb4 Bf5 29. Kf2 Kf6 30. Rd4 Be6 31. Ke2 Nb5 32. Rd3 d4 33. Rf1+ Ke5 34. cxd4+ Nxd4+ 35. Kd2 Rc2+ 36. Kd1 Rxa2 37. Re1+ Kd5 38. Rg3 Kd6 39. Ree3 f5 40. Rd3 Kd5 41. h3 f4 42. Rg7 Ke4 43. Rc3 Bxb3+ 44. Ke1 Nc2+ 45. Kf1 Ne3+ 46. Kg1 Ra1+ 47. Kh2 Nf1+ 0-1

[Event "BL 0405 (Women)"]
[Site "Germany"]
[Date "2005.02.19"]
[Round "6.6"]
[White "Tammert, Iamze"]
[Black "Krege, Sandra"]
[Result "1-0"]
[WhiteElo "2263"]
[BlackElo "1920"]
[PlyCount "70"]
[EventDate "2004.11.06"]
[EventType "team-tourn"]
[EventRounds "11"]
[EventCountry "GER"]
[SourceTitle "EXT 2006"]
[Source "ChessBase"]
[SourceDate "2005.11.24"]
[SourceVersion "1"]
[SourceVersionDate "2005.11.24"]
[SourceQuality "1"]
[WhiteTeam "Baden Oos (W)"]
[BlackTeam "Halle (W)"]
[WhiteTeamCountry "GER"]
[BlackTeamCountry "GER"]

1. c4 Nf6 2. Nc3 e6 3. Nf3 d5 4. d4 Be7 5. Bg5 0-0 6. e3 b6 7. Bxf6 Bxf6 8. cxd5 exd5 9. Be2 c6 10. 0-0 Qe7 11. a3 Rd8 12. Rc1 Bb7 13. Qa4 Nd7 14. Ba6 b5 15. Qa5 Nb6 16. Bxb7 Qxb7 17. b3 Be7 18. Ne5 f6 19. Nd3 Rdc8 20. Na2 Nd7 21. Nab4 a6 22. Nc2 Bd8 23. Qc3 a5 24. b4 a4 25. Nc5 Nxc5 26. Qxc5 Qe7 27. Qc3 Bb6 28. Ne1 Rc7 29. Nd3 Kf7 30. Qd2 Rac8 31. Rc3 Qd6 32. Rfc1 g6 33. Qe2 Kg7 34. Qg4 Re7 35. Qxc8 Rc7 1-0

[Event "GER-chT U20"]
[Site "Cologne"]
[Date "2004.12.30"]
[Round "7.3"]
[White "Strauch, Martin"]
[Black "Krege, Sandra"]
[Result "0-1"]
[WhiteElo "1631"]
[BlackElo "2035"]
[PlyCount "106"]
[EventDate "2004.12.27"]
[EventType "team"]
[EventRounds "7"]
[EventCountry "GER"]
[SourceTitle "CBM 104 Extra"]
[Source "ChessBase"]
[SourceDate "2005.03.01"]
[SourceVersion "1"]
[SourceVersionDate "2005.03.01"]
[SourceQuality "1"]
[WhiteTeam "Erfurt Empor (U20)"]
[BlackTeam "Hettstedt (U20)"]
[WhiteTeamCountry "GER"]
[BlackTeamCountry "GER"]

1. e4 c5 2. Nf3 Nc6 3. d4 cxd4 4. Nxd4 Nf6 5. Nc3 e5 6. Ndb5 d6 7. Bg5 a6 8. Na3 b5 9. Nd5 Be7 10. Bxf6 Bxf6 11. c3 Bg5 12. Nc2 0-0 13. a4 bxa4 14. Rxa4 a5 15. Bc4 Rb8 16. Ra2 Kh8 17. 0-0 Be6 18. Nce3 Rb7 19. Qd3 Bh6 20. Ba6 Ra7 21. Bb5 Ne7 22. Nxe7 Qxe7 23. Nd5 Qb7 24. Rfa1 f5 25. c4 fxe4 26. Qxe4 Rf4 27. Qc2 Rf8 28. Nc3 Qc7 29. b3 Bg5 30. Qe4 Qc5 31. Na4 Qc7 32. Nc3 Bd8 33. Qc6 Qxc6 34. Bxc6 Bb6 35. Ne4 Rc7 36. Bb5 d5 37. cxd5 Bxd5 38. Re1 Bxb3 39. Rae2 Bd5 40. Bd3 Bd4 41. Nd6 Rc3 42. Bb1 Bc4 43. Rd2 a4 44. h3 a3 45. Ba2 Bxa2 46. Rxa2 Rb3 47. Nc4 Kg8 48. Ree2 Ra8 49. Nxe5 Bxe5 50. Rxe5 Rb1+ 51. Kh2 Rb2 52. Ra1 Rxf2 53. Re7 a2 0-1

[Event "GER-chT U20"]
[Site "Cologne"]
[Date "2004.12.28"]
[Round "4.3"]
[White "Kozul, Boris"]
[Black "Krege, Sandra"]
[Result "0-1"]
[WhiteElo "1949"]
[BlackElo "2035"]
[PlyCount "79"]
[EventDate "2004.12.27"]
[EventType "team"]
[EventRounds "7"]
[EventCountry "GER"]
[SourceTitle "CBM 104 Extra"]
[Source "ChessBase"]
[SourceDate "2005.03.01"]
[SourceVersion "1"]
[SourceVersionDate "2005.03.01"]
[SourceQuality "1"]
[WhiteTeam "Heilbronn (U20)"]
[BlackTeam "Hettstedt (U20)"]
[WhiteTeamCountry "GER"]
[BlackTeamCountry "GER"]

1. a3 c5 2. Nf3 Nc6 3. e3 d5 4. c4 Nf6 5. cxd5 Nxd5 6. Qc2 e6 7. Nc3 Be7 8. Ne4 Qa5 9. Be2 Bd7 10. 0-0 h6 11. d3 Rc8 12. Bd2 Qb6 13. Rab1 0-0 14. Rfc1 Nb8 15. Qd1 Bb5 16. Ne5 Nd7 17. Nc4 Qa6 18. Nc3 Nxc3 19. Bxc3 Nf6 20. Qc2 Nd5 21. Be5 Rfd8 22. Rd1 Bc6 23. b3 Nc7 24. Qb2 f6 25. Bg3 b5 26. Nd2 Nd5 27. Rbc1 Bb7 28. e4 Nb6 29. Nb1 Nd7 30. f3 Qb6 31. Kh1 Bd6 32. Bxd6 Qxd6 33. d4 cxd4 34. Rxc8 Rxc8 35. Qxd4 Qxd4 36. Rxd4 Nc5 37. b4 Nb3 38. Rd1 a6 39. h3 e5 40. Bf1 0-1

[Event "BL 0405 (Women)"]
[Site "Germany"]
[Date "2004.12.05"]
[Round "4.6"]
[White "Sulikiene, Kristina"]
[Black "Krege, Sandra"]
[Result "0-1"]
[WhiteElo "2041"]
[BlackElo "1900"]
[PlyCount "170"]
[EventDate "2004.11.06"]
[EventType "team-tourn"]
[EventRounds "11"]
[EventCountry "GER"]
[SourceTitle "EXT 2006"]
[Source "ChessBase"]
[SourceDate "2005.11.24"]
[SourceVersion "1"]
[SourceVersionDate "2005.11.24"]
[SourceQuality "1"]
[WhiteTeam "Dresden SC (W)"]
[BlackTeam "Halle (W)"]
[WhiteTeamCountry "GER"]
[BlackTeamCountry "GER"]

1. e4 c5 2. Nc3 e6 3. g3 d5 4. exd5 exd5 5. d4 cxd4 6. Qxd4 Be6 7. Bg2 Nc6 8. Qd1 Bb4 9. Bd2 Nge7 10. Nge2 Ng6 11. 0-0 0-0 12. a3 Bc5 13. b4 Be7 14. Rb1 Qd7 15. b5 Nce5 16. Bc1 Rfd8 17. Nd4 Bg4 18. Nce2 Bc5 19. f3 Bh3 20. Kh1 Nc4 21. Rb3 a6 22. f4 Bxg2+ 23. Kxg2 axb5 24. Nxb5 Ne7 25. Qd3 Nc6 26. Ned4 Re8 27. Nf5 Re4 28. Nc3 Qxf5 29. Nxe4 Qxe4+ 30. Qxe4 dxe4 31. Re1 e3 32. Rxb7 Rc8 33. c3 Ne7 34. Rd1 Nf5 35. Kf3 Nfd6 36. Rd7 Kf8 37. a4 Ke8 38. R7xd6 Bxd6 39. Bxe3 Nxe3 40. Rxd6 Rxc3 41. Ke4 Nc4 42. Ra6 Nb2 43. Kd5 Kd7 44. a5 Rc7 45. Ra8 Ke7 46. a6 Nc4 47. Rb8 Nd6 48. Rb6 Nc8 49. Rb8 Kd7 50. Rb1 Ne7+ 51. Kd4 Nc6+ 52. Kc5 Nb8+ 53. Kb5 Kc8 54. Re1 Nc6 55. Kb6 Kd7 56. Rd1+ Kc8 57. Rd6 Nb8 58. a7 Rb7+ 59. Kc5 Rxa7 60. Rd2 Rd7 61. Ra2 Rd1 62. Re2 Kd7 63. Rb2 Kc7 64. Re2 Nd7+ 65. Kc4 Kd6 66. Kc3 Nf6 67. Kc4 Ng4 68. h3 Nf6 69. Re3 h5 70. Ra3 Ke6 71. Ra5 Rf1 72. Re5+ Kd6 73. Re3 h4 74. Kc3 hxg3 75. Rxg3 g6 76. Re3 Rxf4 77. Kc2 Re4 78. Ra3 Ke6 79. Ra6+ Kf5 80. Ra7 Rh4 81. Rxf7 Rxh3 82. Kd2 Rf3 83. Re7 Rf4 84. Rf7 g5 85. Ke3 Kg6 0-1

[Event "BL 0405 (Women)"]
[Site "Germany"]
[Date "2004.12.03"]
[Round "5.6"]
[White "Rehn, Antje"]
[Black "Krege, Sandra"]
[Result "1-0"]
[WhiteElo "1886"]
[BlackElo "1900"]
[PlyCount "97"]
[EventDate "2004.11.06"]
[EventType "team-tourn"]
[EventRounds "11"]
[EventCountry "GER"]
[SourceTitle "EXT 2006"]
[Source "ChessBase"]
[SourceDate "2005.11.24"]
[SourceVersion "1"]
[SourceVersionDate "2005.11.24"]
[SourceQuality "1"]
[WhiteTeam "Leipzig WBA (W)"]
[BlackTeam "Halle (W)"]
[WhiteTeamCountry "GER"]
[BlackTeamCountry "GER"]

1. f4 c5 2. Nf3 Nc6 3. e3 g6 4. d4 cxd4 5. exd4 d5 6. Bd3 Bg7 7. c3 Nh6 8. 0-0 0-0 9. Nbd2 Bf5 10. Bxf5 Nxf5 11. Qe1 Rc8 12. g4 Nd6 13. Qh4 b5 14. Ne5 b4 15. Rf3 Nb5 16. g5 bxc3 17. bxc3 Nxe5 18. fxe5 Rxc3 19. Rxc3 Nxc3 20. Nb3 Qb6 21. Qf2 Ne4 22. Qe3 f6 23. gxf6 exf6 24. Ba3 Re8 25. exf6 Nxf6 26. Qg5 Qe6 27. Rf1 Ng4 28. Qd2 Bh6 29. Qd3 Be3+ 30. Kg2 Nf2 31. Rxf2 Bxf2 32. Kxf2 Qe1+ 33. Kf3 Qh1+ 34. Kg3 Qg1+ 35. Kf3 Rf8+ 36. Bxf8 Qh1+ 37. Kg3 Qg1+ 38. Kh3 h5 39. Qf3 g5 40. Qxd5+ Kxf8 41. Qa8+ Kg7 42. Qxa7+ Kg6 43. Qb6+ Kg7 44. Qc7+ Kg6 45. Qd6+ Kg7 46. Qe5+ Kg6 47. Qe6+ Kg7 48. Qe2 Kg6 49. a4 1-0

[Event "GER-ch U18 Girls"]
[Site "Willingen"]
[Date "2004.06.02"]
[Round "7"]
[White "Krege, Sandra"]
[Black "Dietzen, Corinna"]
[Result "1/2-1/2"]
[WhiteElo "1907"]
[BlackElo "1775"]
[PlyCount "86"]
[EventDate "2004.06.??"]
[EventType "swiss"]
[EventRounds "9"]
[EventCountry "GER"]
[SourceTitle "EXT 2005"]
[Source "ChessBase"]
[SourceDate "2004.11.15"]
[SourceVersion "1"]
[SourceVersionDate "2004.11.15"]
[SourceQuality "1"]

1. e4 c5 2. Nf3 e6 3. d4 cxd4 4. Nxd4 a6 5. Nc3 Qc7 6. Bd3 Bc5 7. Be3 b5 8. Qg4 Bf8 9. f4 Nf6 10. Qf3 Bb7 11. 0-0 Be7 12. a4 bxa4 13. Nxa4 0-0 14. Nb3 d5 15. e5 Nfd7 16. Qh5 g6 17. Qg4 Nc6 18. c3 a5 19. Qe2 Qc8 20. Rfc1 Ba6 21. Bxa6 Qxa6 22. Qxa6 Rxa6 23. c4 Nb4 24. Nd4 Rc8 25. cxd5 Rxc1+ 26. Rxc1 Nxd5 27. Rc8+ Kg7 28. Bd2 Bb4 29. Bc1 Ra7 30. Kf2 Rc7 31. Rxc7 Nxc7 32. Nc6 Nd5 33. Nxb4 Nxb4 34. Ke3 f6 35. Ke4 fxe5 36. fxe5 Nc6 37. Bf4 Kf7 38. Bg3 Ke7 39. Bh4+ Kf7 40. Bg3 Ke7 41. Be1 Kd8 42. Bc3 Kc7 43. Bd4 Kb7 1/2-1/2

[Event "GER Schools Cup g/7'+3\""]
[Site "Playchess.com INT"]
[Date "2004.01.14"]
[Round "4.2"]
[White "Krege, Sandra"]
[Black "Colpe, Lennart"]
[Result "1-0"]
[WhiteElo "2013"]
[BlackElo "1775"]
[PlyCount "141"]
[EventDate "2004.01.23"]
[EventType "team (blitz)"]
[EventRounds "12"]
[EventCountry "GER"]
[SourceTitle "EXT 2005"]
[Source "ChessBase"]
[SourceDate "2004.11.15"]
[SourceVersion "1"]
[SourceVersionDate "2004.11.15"]
[SourceQuality "1"]

1. e4 e5 2. Bc4 Nc6 3. Nf3 Nf6 4. d3 h6 5. c3 Bc5 6. 0-0 d6 7. Nbd2 Bg4 8. h3 Bh5 9. Re1 0-0 10. Nf1 Re8 11. Ng3 Bg6 12. a4 a5 13. Bb3 Nh5 14. Nf1 Qf6 15. Ne3 Nf4 16. Ng4 Qe7 17. d4 exd4 18. Bxf4 dxc3 19. bxc3 Bxe4 20. Nd2 d5 21. Bxd5 Qf6 22. Nxe4 Bxf2+ 23. Ngxf2 Qxf4 24. Qd2 Qxd2 25. Nxd2 Rxe1+ 26. Rxe1 Rd8 27. c4 Nb4 28. Nde4 c6 29. Bxf7+ Kxf7 30. Ng4 Rd4 31. Ne5+ Kg8 32. Nc5 b6 33. Nb3 Rf4 34. c5 bxc5 35. Nxc5 Rd4 36. Nb7 Nc2 37. Re2 Rd1+ 38. Kh2 Nd4 39. Re4 Rd2 40. Nxa5 c5 41. Nac4 Ra2 42. a5 Kf8 43. Nd7+ Kf7 44. Nxc5 Nf3+ 45. Kg3 Ng5 46. Rf4+ Kg6 47. a6 Kh7 48. h4 Rc2 49. hxg5 hxg5 50. Rd4 Ra2 51. Ne5 Ra3+ 52. Kg4 g6 53. Nc6 Rc3 54. Rd5 Rc4+ 55. Kxg5 Rc2 56. a7 Rxg2+ 57. Kf6 Rf2+ 58. Ke6 Re2+ 59. Re5 Ra2 60. Nd7 Ra3 61. Nb6 g5 62. Rxg5 Re3+ 63. Re5 Rc3 64. a8Q Rh3 65. Ne7 Rh6+ 66. Kd5 Rg6 67. Nxg6 Kh6 68. Qh8+ Kxg6 69. Qh5+ Kf6 70. Nd7+ Kg7 71. Rg5# 1-0

[Event "GER-chT U20"]
[Site "Ditzingen"]
[Date "2003.12.30"]
[Round "7.4"]
[White "Scheerer, Kim"]
[Black "Krege, Sandra"]
[Result "0-1"]
[WhiteElo "1389"]
[BlackElo "1916"]
[PlyCount "82"]
[EventDate "2003.12.27"]
[EventType "team-swiss"]
[EventRounds "7"]
[EventCountry "GER"]
[SourceTitle "EXT 2022"]
[Source "ChessBase"]
[SourceDate "2021.10.06"]
[SourceVersion "1"]
[SourceVersionDate "2021.10.06"]
[SourceQuality "1"]
[WhiteTeam "Ditzingen U20"]
[BlackTeam "Hettstedt U20"]
[WhiteTeamCountry "GER"]
[BlackTeamCountry "GER"]

1. e4 c5 2. Nf3 Nc6 3. d4 cxd4 4. Nxd4 Nf6 5. Nc3 e6 6. Bb5 Bb4 7. Nxc6 bxc6 8. Bd3 0-0 9. Bg5 Be7 10. 0-0 e5 11. f4 d6 12. h3 Qb6+ 13. Kh1 Qxb2 14. Qe1 Qb7 15. fxe5 dxe5 16. Qg3 Nh5 17. Qh4 Nf4 18. Bxe7 Ng6 19. Qg5 Qxe7 20. Qxe7 Nxe7 21. Kh2 Be6 22. a3 c5 23. Rab1 Rab8 24. Na4 c4 25. Be2 Rbc8 26. c3 Rc7 27. Rb5 f6 28. Rfb1 Rfc8 29. Rb8 Kf7 30. Rxc8 Nxc8 31. Kg3 Nd6 32. Kf3 Bd7 33. Nb2 Rc5 34. Rd1 Ke7 35. Ke3 Bc6 36. Bf3 Rb5 37. Rb1 Rb3 38. Bd1 Rxc3+ 39. Ke2 Bxe4 40. Ra1 Bxg2 41. Na4 Rxh3 0-1

[Event "GER-ch U16 Girls"]
[Site "Willingen"]
[Date "2003.06.10"]
[Round "6"]
[White "Krege, Sandra"]
[Black "Krenz, Sarah"]
[Result "1/2-1/2"]
[WhiteElo "1902"]
[BlackElo "1755"]
[PlyCount "96"]
[EventDate "2003.06.08"]
[EventType "swiss"]
[EventRounds "9"]
[EventCountry "GER"]
[SourceTitle "CBM 094 Extra"]
[Source "ChessBase"]
[SourceDate "2003.07.09"]
[SourceVersion "2"]
[SourceVersionDate "2003.07.09"]
[SourceQuality "1"]

1. e4 d6 2. d4 Nf6 3. Nc3 g6 4. f4 Bg7 5. Nf3 c5 6. Bb5+ Bd7 7. e5 Ng4 8. e6 Bxb5 9. exf7+ Kd7 10. Nxb5 Qa5+ 11. Nc3 cxd4 12. Nxd4 Bxd4 13. Qxd4 Nf6 14. Qd1 Nc6 15. 0-0 Rhf8 16. Be3 Rxf7 17. a3 Rc8 18. Qe2 Qh5 19. Qxh5 Nxh5 20. Rad1 Nf6 21. Bc1 Na5 22. Rf3 Rff8 23. Re1 Nc6 24. Rd3 Rf7 25. g3 Rff8 26. Kg2 Rb8 27. b3 b6 28. Bb2 Rb7 29. Red1 Na5 30. R1d2 Rf7 31. Rf3 Rb8 32. Re2 Nc6 33. Rd3 Rb7 34. Ne4 Nxe4 35. Rxe4 Rc7 36. Re2 Rf8 37. c4 Rf7 38. Red2 Kc8 39. Rd1 Rf8 40. Re3 Rf7 41. Kh3 Kd7 42. Rdd3 Na5 43. Rf3 Rc8 44. g4 Rcf8 45. Kg3 Nb7 46. Bd4 Kc6 47. Rde3 Kd7 48. Rd3 Kc6 1/2-1/2